[Event "Maastricht Limburg op-C 6th"]
[Site "Maastricht"]
[Date "2012.05.28"]
[Round "6"]
[White "Elisen, Peter"]
[Black "De Ridder, Yulian"]
[Result "0-1"]
[WhiteElo "1431"]
[BlackElo "1137"]
[PlyCount "80"]
[EventDate "2012.05.25"]
[EventType "swiss"]
[EventRounds "7"]
[EventCountry "NED"]
[SourceTitle "EXT 2013"]
[Source "ChessBase"]
[SourceDate "2012.11.22"]
[SourceVersion "1"]
[SourceVersionDate "2012.11.22"]
[SourceQuality "1"]

1. c4 e5 2. Nc3 Nf6 3. g3 c6 4. Bg2 d5 5. Qb3 Be6 6. cxd5 Nxd5 7. Nxd5 Bxd5 8. Bxd5 Qxd5 9. Qf3 Bc5 10. e4 Qe6 11. Ne2 0-0 12. 0-0 f5 13. Qc3 Nd7 14. d4 exd4 15. Nxd4 Qxe4 16. Nb3 Ne5 17. Nd2 Qd5 18. Qb3 Qxb3 19. Nxb3 Bd6 20. f4 Ng4 21. h3 Nf6 22. Be3 Rfe8 23. Rfe1 Ne4 24. Rad1 Bb4 25. Bd2 Bxd2 26. Nxd2 Nxg3 27. Kg2 Nh5 28. Kf3 Rad8 29. Nc4 Rxe1 30. Rxd8+ Kf7 31. Ne3 Ra1 32. a3 Nf6 33. Ra8 Rb1 34. b4 Rb3 35. Rxa7 Nd5 36. Rxb7+ Kf6 37. a4 Rxe3+ 38. Kf2 Ra3 39. a5 Ra4 40. a6 Rxa6 0-1

[Event "Maastricht Limburg op-C 6th"]
[Site "Maastricht"]
[Date "2012.05.26"]
[Round "2"]
[White "De Boer, Guus"]
[Black "Elisen, Peter"]
[Result "1-0"]
[WhiteElo "1647"]
[BlackElo "1431"]
[PlyCount "53"]
[EventDate "2012.05.25"]
[EventType "swiss"]
[EventRounds "7"]
[EventCountry "NED"]
[SourceTitle "EXT 2013"]
[Source "ChessBase"]
[SourceDate "2012.11.22"]
[SourceVersion "1"]
[SourceVersionDate "2012.11.22"]
[SourceQuality "1"]

1. d4 Nf6 2. Nf3 d6 3. Bf4 g6 4. e3 Bg7 5. Be2 0-0 6. 0-0 Nbd7 7. Nbd2 Nh5 8. Bg5 h6 9. Bh4 f5 10. Ne1 Nhf6 11. Bg3 e5 12. c3 Ne8 13. Nd3 g5 14. f3 f4 15. Bf2 Qf6 16. exf4 gxf4 17. g3 Qg6 18. dxe5 Nxe5 19. Nxe5 Bxe5 20. Ne4 Nf6 21. Nxf6+ Rxf6 22. Bd3 Qg7 23. Kh1 Kh8 24. gxf4 Bxf4 25. Rg1 Qf7 26. Bh4 Qh5 27. Bxf6# 1-0

[Event "Maastricht Limburg op-C 5th"]
[Site "Maastricht"]
[Date "2011.06.10"]
[Round "1"]
[White "Elisen, Peter"]
[Black "Nissel, Andreas"]
[Result "1/2-1/2"]
[WhiteElo "1500"]
[BlackElo "1668"]
[PlyCount "77"]
[EventDate "2011.06.10"]
[EventType "swiss"]
[EventRounds "7"]
[EventCountry "NED"]
[SourceTitle "EXT 2012"]
[Source "ChessBase"]
[SourceDate "2011.11.24"]
[SourceVersion "1"]
[SourceVersionDate "2011.11.24"]
[SourceQuality "1"]

1. d4 Nf6 2. c4 e6 3. Nc3 d5 4. g3 c6 5. Bg2 Nbd7 6. Nf3 Bd6 7. 0-0 0-0 8. b3 Re8 9. Nh4 dxc4 10. bxc4 e5 11. d5 cxd5 12. cxd5 Qa5 13. Bd2 Bb4 14. Rc1 Bxc3 15. Bxc3 Qxa2 16. e4 Nc5 17. Re1 b6 18. Re2 Qa4 19. Qxa4 Nxa4 20. Ba1 Nc5 21. Rc3 Nfd7 22. Nf5 f6 23. Nd6 Rd8 24. Ra2 a5 25. Nb5 Nf8 26. Rd2 Bd7 27. Nc7 Ra7 28. d6 Nfe6 29. Nd5 b5 30. f4 b4 31. Re3 exf4 32. gxf4 b3 33. e5 fxe5 34. fxe5 a4 35. Ne7+ Kh8 36. Bd5 Rb8 37. Rh3 a3 38. Ng6+ Kg8 39. Ne7+ 1/2-1/2

[Event "Maastricht Limburg op-C 4th"]
[Site "Maastricht"]
[Date "2010.05.24"]
[Round "6"]
[White "Mueller, Elias"]
[Black "Elisen, Peter"]
[Result "0-1"]
[WhiteElo "1229"]
[BlackElo "1589"]
[PlyCount "40"]
[EventDate "2010.05.21"]
[EventType "swiss"]
[EventRounds "7"]
[EventCountry "NED"]
[SourceTitle "EXT 2011"]
[Source "ChessBase"]
[SourceDate "2010.11.26"]
[SourceVersion "1"]
[SourceVersionDate "2010.11.26"]
[SourceQuality "1"]

1. d4 Nf6 2. c4 e5 3. Nc3 Bb4 4. Bg5 Nc6 5. dxe5 Nxe5 6. Qd4 Qe7 7. Bxf6 Qxf6 8. e3 c5 9. Qd1 0-0 10. Bd3 Ng4 11. Qc2 Nxf2 12. Qxf2 Bxc3+ 13. Kf1 Qxf2+ 14. Kxf2 Bxb2 15. Rb1 Bf6 16. Ne2 b6 17. Be4 Rb8 18. Nf4 Re8 19. Bc2 Bb7 20. Rbd1 Rbd8 0-1

[Event "Maastricht Limburg op-C 4th"]
[Site "Maastricht"]
[Date "2010.05.22"]
[Round "2"]
[White "Elisen, Peter"]
[Black "Van Eijk, Liedewij"]
[Result "1-0"]
[WhiteElo "1589"]
[BlackElo "1281"]
[PlyCount "111"]
[EventDate "2010.05.21"]
[EventType "swiss"]
[EventRounds "7"]
[EventCountry "NED"]
[SourceTitle "EXT 2011"]
[Source "ChessBase"]
[SourceDate "2010.11.26"]
[SourceVersion "1"]
[SourceVersionDate "2010.11.26"]
[SourceQuality "1"]

1. c4 d6 2. Nc3 Nf6 3. e4 Nbd7 4. g3 e5 5. Bg2 c6 6. Nf3 Be7 7. 0-0 Qc7 8. d4 h6 9. Nh4 g6 10. f4 Nf8 11. fxe5 dxe5 12. dxe5 Bg4 13. Qe1 Qxe5 14. Nf3 Bxf3 15. Bxf3 Qc5+ 16. Be3 Qxc4 17. Qf2 b6 18. e5 N6d7 19. Bd4 0-0-0 20. Be2 Qxd4 21. Qxd4 Bc5 22. Qxc5 Nxc5 23. Rxf7 Nfd7 24. Bg4 Kb8 25. Re1 h5 26. Bxd7 Nxd7 27. e6 Nc5 28. e7 Rc8 29. Ref1 Ne6 30. R7f6 Ng7 31. Rf8 Nf5 32. Rf7 Rce8 33. Re1 Nh6 34. Rf6 Nf5 35. Rf7 Nh6 36. Rg7 Nf5 37. Rxg6 Nxe7 38. Rge6 Rh7 39. Rxc6 Nxc6 40. Rxe8+ Kb7 41. Ne4 Re7 42. Rxe7+ Nxe7 43. Nf6 h4 44. gxh4 Nf5 45. h5 Nh6 46. Kf2 Kc6 47. Kf3 Kd6 48. Kf4 Ke6 49. Kg5 Nf7+ 50. Kg6 Ne5+ 51. Kg7 Nf7 52. Ng4 Nd6 53. h6 Nf5+ 54. Kf8 Ne7 55. h7 Kf5 56. Kxe7 1-0

[Event "Maastricht Limburg op-C 4th"]
[Site "Maastricht"]
[Date "2010.05.22"]
[Round "3"]
[White "Elisen, Peter"]
[Black "Vincent, Gwijde"]
[Result "0-1"]
[WhiteElo "1589"]
[BlackElo "1701"]
[PlyCount "68"]
[EventDate "2010.05.21"]
[EventType "swiss"]
[EventRounds "7"]
[EventCountry "NED"]
[SourceTitle "EXT 2011"]
[Source "ChessBase"]
[SourceDate "2010.11.26"]
[SourceVersion "1"]
[SourceVersionDate "2010.11.26"]
[SourceQuality "1"]

1. c4 e5 2. Nc3 Nf6 3. g3 c6 4. Bg2 d5 5. cxd5 cxd5 6. d4 exd4 7. Qxd4 Be6 8. Nf3 Bd6 9. 0-0 0-0 10. Bg5 Nbd7 11. Rad1 Bc5 12. Bxf6 Qxf6 13. Qxf6 Nxf6 14. Nd4 Rad8 15. a3 a6 16. e3 Rc8 17. Nce2 Rfd8 18. Nf4 Bd7 19. Nb3 Ba4 20. Rd3 Bb5 21. Nxc5 Rxc5 22. Rfd1 Bxd3 23. Nxd3 Rc2 24. b4 Ne4 25. Kf1 Rd2 26. Ke1 Rxd1+ 27. Kxd1 Rc8 28. Bxe4 dxe4 29. Nc5 f5 30. Nxb7 Rc3 31. a4 Rb3 32. b5 axb5 33. axb5 Rxb5 34. Nd6 Rd5+ 0-1

[Event "Maastricht Limburg op-C 4th"]
[Site "Maastricht"]
[Date "2010.05.21"]
[Round "1"]
[White "Huebben, Dominik"]
[Black "Elisen, Peter"]
[Result "1-0"]
[WhiteElo "1746"]
[BlackElo "1589"]
[PlyCount "41"]
[EventDate "2010.05.21"]
[EventType "swiss"]
[EventRounds "7"]
[EventCountry "NED"]
[SourceTitle "EXT 2011"]
[Source "ChessBase"]
[SourceDate "2010.11.26"]
[SourceVersion "1"]
[SourceVersionDate "2010.11.26"]
[SourceQuality "1"]

1. e4 d6 2. d4 Nd7 3. f4 e5 4. Nf3 exd4 5. Qxd4 Ngf6 6. Nc3 Be7 7. Bc4 0-0 8. h3 h6 9. Be3 a6 10. 0-0-0 c5 11. Qd2 b5 12. e5 dxe5 13. fxe5 b4 14. Ne2 Nh7 15. e6 Nb6 16. exf7+ Kh8 17. Ne5 Bf5 18. Be6 Qxd2+ 19. Rxd2 Be4 20. Nf4 Ng5 21. Neg6+ 1-0

[Event "Delft Prinsenstad op-C"]
[Site "Delft"]
[Date "2009.01.03"]
[Round "2"]
[White "Van Heeren, Arie"]
[Black "Elisen, Peter"]
[Result "1-0"]
[WhiteElo "1683"]
[BlackElo "1531"]
[PlyCount "35"]
[EventDate "2009.01.02"]
[EventType "swiss"]
[EventRounds "6"]
[EventCountry "NED"]
[SourceTitle "EXT 2011"]
[Source "ChessBase"]
[SourceDate "2010.11.26"]
[SourceVersion "1"]
[SourceVersionDate "2010.11.26"]
[SourceQuality "1"]

1. e4 d6 2. d4 Nd7 3. Nf3 c6 4. Nc3 Ngf6 5. Bc4 h6 6. e5 dxe5 7. dxe5 b5 8. Bb3 b4 9. Ne2 Ng4 10. e6 fxe6 11. Bxe6 Ngf6 12. 0-0 Qb6 13. Nf4 Ba6 14. Re1 Rd8 15. Be3 c5 16. Nd5 Qc6 17. Nxf6+ Nxf6 18. Bf7+ 1-0

[Event "Delft Prinsenstad op-C"]
[Site "Delft"]
[Date "2008.01.04"]
[Round "1"]
[White "Neuteboom, Martin"]
[Black "Elisen, Peter"]
[Result "1-0"]
[WhiteElo "1654"]
[BlackElo "1525"]
[PlyCount "64"]
[EventDate "2008.01.04"]
[EventType "swiss"]
[EventRounds "6"]
[EventCountry "NED"]
[SourceTitle "EXT 2010"]
[Source "ChessBase"]
[SourceDate "2010.11.25"]
[SourceVersion "1"]
[SourceVersionDate "2010.11.25"]
[SourceQuality "1"]

1. e4 c5 2. d4 cxd4 3. c3 dxc3 4. Nxc3 e6 5. Bc4 Nc6 6. Nf3 a6 7. 0-0 Qc7 8. Qe2 b5 9. Bb3 Bc5 10. Rd1 Nge7 11. e5 0-0 12. Ne4 Nxe5 13. Nxc5 Nxf3+ 14. Qxf3 Qxc5 15. Qxa8 d5 16. Be3 Qc7 17. Rac1 Qd7 18. Qa7 Bb7 19. Bf4 Nc6 20. Qe3 d4 21. Qg3 Kh8 22. Qh3 Qe7 23. Bc2 f5 24. Qg3 Rc8 25. Re1 Qd7 26. a3 b4 27. Bb3 Re8 28. Ba4 a5 29. Rc5 d3 30. Rec1 Qd4 31. Bxc6 Bxc6 32. Be5 d2 1-0